Normal view MARC view
  • México

Entry Nombre Geográfico

Number of records used in: 59

001 - NÚMERO DE CONTROL

  • campo de control: 1296

003 - IDENTIFICADOR DE NUMERO DE CONTROL

  • campo de control: UPN

005 - FECHA Y HORA DE LA ÜLTIMA TRANSACCIÓN

  • campo de control: 20230518163331.0

008 - DATOS DE LONGITUD FIJA

  • campo de control de longitud fija: 230518n||acnnnbabn | ana |d

035 ## - NÚMERO DE CONTROL

  • Número de control: UPN10000001296

040 ## - FUENTE DE CATALOGACIÓN

  • Lenguaje de catalogación: spa
  • Agencia de transcripción: UPN
  • Agencia de catalogación original: UPN

053 #4 - NÚMERO DE CLASIFICACIÓN LC

  • Elemento de número de clasificación-número único o número de inicio de tramo: F1234

151 ## - ENCABEZAMIENTO - NOMBRE GEOGRÁFICO

  • Nombre geográfico: México
  • Subdivisión general : Historia
  • Subdivisión cronológica : 1910-1946

670 ## - FUENTE EN LA QUE SE LOCALIZARON DATOS

  • Cita de la fuente: E

902 ## - CATALOGADOR

  • Catalogador: MCM/061005